[Event "01.Casino-Senioren-Open 2005"]
[Site "Seefeld/Tirol (19.09.-25.09)"]
[Date "2005.09.22"]
[Round "4.2"]
[White "Birchmeier, Walter"]
[Black "Papworth, Dennis"]
[Result "1/2-1/2"]
[WhiteElo "1921"]
[BlackElo "1827"]
[PlyCount "64"]
[EventDate "2005.09.??"]
[Source "Chess-Org"]
[SourceDate "2005.10.01"]

1. c4 e6 2. Nc3 Nf6 3. e4 d6 4. d4 Be7 5. Nf3 Nc6 6. Be2 e5 7. d5 Nb8 8. O-O
O-O 9. Ne1 Nbd7 10. Nd3 Re8 11. Be3 Bf8 12. Qd2 c6 13. f3 Nb6 14. b3 cxd5 15.
cxd5 Bd7 16. Rac1 Nc8 17. Rc2 Ne7 18. Rfc1 Ng6 19. Qe1 Nh5 20. g4 Nhf4 21. Nxf4
exf4 22. Bd4 Ne5 23. Qf1 a6 24. Nd1 Rc8 25. Nf2 Rxc2 26. Rxc2 Qb8 27. Kh1 Rc8
28. Rxc8 Bxc8 29. Nd3 Bd7 30. Nxe5 dxe5 31. Bf2 Qd6 32. Qc1 b5 1/2-1/2

[Event "01.Casino-Senioren-Open 2005"]
[Site "Seefeld/Tirol (19.09.-25.09)"]
[Date "2005.09.22"]
[Round "4.4"]
[White "Bucher, Rolf"]
[Black "Engler, Gunter"]
[Result "1/2-1/2"]
[WhiteElo "1768"]
[BlackElo "1766"]
[PlyCount "28"]
[EventDate "2005.09.??"]
[Source "Chess-Org"]
[SourceDate "2005.10.01"]

1. d4 d5 2. Nc3 Nf6 3. e4 e6 4. e5 Nfd7 5. f4 c5 6. Nf3 Nc6 7. Bb5 a6 8. Bxc6
bxc6 9. O-O cxd4 10. Nxd4 c5 11. Nf3 Be7 12. Kh1 f5 13. a3 Nb6 14. Ne2 O-O
1/2-1/2

[Event "01.Casino-Senioren-Open 2005"]
[Site "Seefeld/Tirol (19.09.-25.09)"]
[Date "2005.09.22"]
[Round "4.5"]
[White "Xander, Karl"]
[Black "Bretscher, Robert"]
[Result "1-0"]
[WhiteElo "1841"]
[BlackElo "1536"]
[PlyCount "150"]
[EventDate "2005.09.??"]
[Source "Chess-Org"]
[SourceDate "2005.10.01"]

1. e4 e5 2. Nf3 Nc6 3. d4 exd4 4. c3 d6 5. cxd4 Be7 6. Bc4 Nf6 7. Nc3 O-O 8.
O-O Bg4 9. Be3 a6 10. h3 Bh5 11. a4 Qd7 12. Rc1 Bd8 13. Bd3 Ne7 14. Bg5 Bxf3
15. Qxf3 Ng6 16. Rfe1 h6 17. Bxf6 Bxf6 18. Nd5 Bd8 19. e5 c6 20. Bf5 Nh4 21.
Bxd7 Nxf3+ 22. gxf3 cxd5 23. exd6 Bb6 24. Rcd1 Ba5 25. Re5 Rfd8 26. Rxd5 Bb4
27. Bf5 Rxd6 28. Rxd6 Bxd6 29. Be4 Rc8 30. Bxb7 Rb8 31. Bxa6 Rxb2 32. Bb5 Bc7
33. Kg2 Bb6 34. Kg3 g6 35. Rd3 g5 36. Kg4 Rxf2 37. d5 Kg7 38. Kf5 Re2 39. d6 f6
40. d7 h5 41. f4 Rf2 42. d8=Q Rxf4+ 43. Ke6 Re4+ 44. Kd7 Bxd8 45. Kxd8 g4 46.
Rd7+ Kh6 47. h4 g3 48. Rd2 Rxh4 49. Rg2 Rd4+ 50. Ke7 h4 51. Kxf6 Rf4+ 52. Ke5
Rb4 53. Kf5 Rd4 54. Be8 Rd8 55. Bc6 Rg8 56. Kf4 Kh5 57. Bf3+ Kh6 58. a5 Rg5 59.
a6 Ra5 60. Bb7 Ra4+ 61. Kf5 Kg7 62. Kg5 Kf7 63. Rg1 Ke7 64. Kf5 Kd8 65. Ke6 Kc7
66. Rc1+ Kb6 67. Rc3 g2 68. Bxg2 Kxa6 69. Rb3 Rg4 70. Bc6 Rg3 71. Rb1 Rg6+ 72.
Kd7 h3 73. Kc7 Rg7+ 74. Bd7 Ka5 75. Rb5+ Ka6 1-0

[Event "01.Casino-Senioren-Open 2005"]
[Site "Seefeld/Tirol (19.09.-25.09)"]
[Date "2005.09.22"]
[Round "4.6"]
[White "Wegener, Wilfried"]
[Black "Schwarz, Werner[40Fürth]"]
[Result "1/2-1/2"]
[WhiteElo "1639"]
[BlackElo "1690"]
[PlyCount "53"]
[EventDate "2005.09.??"]
[Source "Chess-Org"]
[SourceDate "2005.10.01"]

1. d4 Nf6 2. c4 e5 3. dxe5 Ng4 4. e4 Nxe5 5. f4 Nec6 6. Nf3 Bc5 7. Nc3 d6 8. a3
a5 9. Qd3 O-O 10. Bd2 Ne7 11. O-O-O f5 12. Be3 Bxe3+ 13. Qxe3 fxe4 14. Qxe4 c6
15. g3 Bf5 16. Qd4 Bg4 17. Be2 Nf5 18. Qf2 Na6 19. Ng5 Bxe2 20. Qxe2 Qd7 21.
Qe6+ Qxe6 22. Nxe6 Rfe8 23. Rhe1 Nc5 24. Nxc5 dxc5 25. Re4 Nd4 26. Rde1 Nb3+
27. Kc2 1/2-1/2

[Event "01.Casino-Senioren-Open 2005"]
[Site "Seefeld/Tirol (19.09.-25.09)"]
[Date "2005.09.22"]
[Round "4.7"]
[White "Bullock, Alfred"]
[Black "Michalowski, Richard"]
[Result "0-1"]
[WhiteElo "1596"]
[BlackElo "1621"]
[PlyCount "72"]
[EventDate "2005.09.??"]
[Source "Chess-Org"]
[SourceDate "2005.10.01"]

1. c4 Nf6 2. Nc3 e6 3. Nf3 b6 4. g3 Bb7 5. Bg2 Be7 6. O-O O-O 7. d4 d5 8. cxd5
exd5 9. a3 Nbd7 10. e3 a6 11. b4 b5 12. Nd2 Nb6 13. Nb3 Ne4 14. Nxe4 dxe4 15.
Nc5 Bxc5 16. bxc5 Nc4 17. Qc2 f5 18. Bd2 Bd5 19. Rfb1 c6 20. Bf1 Rf6 21. a4 Qc7
22. Bxc4 Bxc4 23. Qc3 a5 24. axb5 cxb5 25. Rxa5 Rfa6 26. Rba1 Qc8 27. Rxa6 Rxa6
28. Rxa6 Qxa6 29. Qa5 Qc8 30. Qb6 f4 31. Ba5 Qh3 32. Qd8+ Kf7 33. Qc7+ Kg6 34.
Qc6+ Kh5 35. Qe8+ Kh6 36. Qc6+ g6 0-1

[Event "01.Casino-Senioren-Open 2005"]
[Site "Seefeld/Tirol (19.09.-25.09)"]
[Date "2005.09.22"]
[Round "4.8"]
[White "Straesser, Gerda"]
[Black "Westermayer, Johann"]
[Result "1/2-1/2"]
[WhiteElo "1549"]
[BlackElo "1631"]
[PlyCount "20"]
[EventDate "2005.09.??"]
[Source "Chess-Org"]
[SourceDate "2005.10.01"]

1. e4 c5 2. Nf3 Nc6 3. d4 cxd4 4. Nxd4 g6 5. c4 Nf6 6. Nc3 d6 7. Be2 Nxd4 8.
Qxd4 Bg7 9. Qd1 O-O 10. O-O Be6 1/2-1/2

[Event "01.Casino-Senioren-Open 2005"]
[Site "Seefeld/Tirol (19.09.-25.09)"]
[Date "2005.09.22"]
[Round "4.9"]
[White "Broeker, Werner"]
[Black "Ruf, Karl"]
[Result "1-0"]
[WhiteElo "1664"]
[BlackElo "1644"]
[PlyCount "69"]
[EventDate "2005.09.??"]
[Source "Chess-Org"]
[SourceDate "2005.10.01"]

1. d4 d6 2. e4 Nd7 3. f4 g6 4. Nf3 Bg7 5. Nc3 c5 6. Be3 Qa5 7. Bd3 Qb4 8. O-O
cxd4 9. Nd5 Qc5 10. b4 Qc6 11. Bb5 dxe3 12. Bxc6 bxc6 13. Nc7+ Kd8 14. Nxa8 Bb7
15. Rb1 Bxa8 16. e5 d5 17. Qe2 e6 18. Qxe3 Nb6 19. a4 Ne7 20. a5 Nbc8 21. g4 h5
22. h3 hxg4 23. hxg4 Bb7 24. c4 dxc4 25. Qc5 Nd5 26. Nd4 Bf8 27. Nxc6+ Kc7 28.
Ne7+ Kb8 29. Qb5 Nc3 30. Nc6+ Ka8 31. Qxc4 Nxb1 32. a6 Nd2 33. axb7+ Kxb7 34.
Na5+ Kb8 35. Qc6 1-0

[Event "01.Casino-Senioren-Open 2005"]
[Site "Seefeld/Tirol (19.09.-25.09)"]
[Date "2005.09.23"]
[Round "5.1"]
[White "Schueler, Wolfgang"]
[Black "Xander, Karl"]
[Result "1-0"]
[WhiteElo "1968"]
[BlackElo "1841"]
[PlyCount "141"]
[EventDate "2005.09.??"]
[Source "Chess-Org"]
[SourceDate "2005.10.01"]

1. e4 c5 2. Nc3 Nc6 3. g3 g6 4. Bg2 Bg7 5. d3 Nf6 6. f4 d6 7. Nf3 O-O 8. O-O
Bd7 9. h3 Rb8 10. g4 b5 11. Ne2 Ne8 12. c3 b4 13. c4 a5 14. Rb1 e6 15. Ng3 Nd4
16. Be3 Nxf3+ 17. Qxf3 Nc7 18. f5 exf5 19. gxf5 Qh4 20. Bf2 Be5 21. Ne2 Qf6 22.
b3 gxf5 23. Be3 Kh8 24. exf5 Rg8 25. Qh5 Bc6 26. Rf2 Rxg2+ 27. Rxg2 Bxg2 28.
Kxg2 Rg8+ 29. Kh1 Ne8 30. Bh6 Ng7 31. Bxg7+ Rxg7 32. Rg1 Rxg1+ 33. Nxg1 Bf4 34.
Qg4 Qg5 35. Qxg5 Bxg5 36. Kg2 Kg7 37. Kf3 Bf6 38. Kg4 Be5 39. Nf3 Bb2 40. Nd2
Be5 41. Ne4 h6 42. h4 f6 43. h5 Kf7 44. Kf3 Ke7 45. Nf2 Bb2 46. Ke4 Bc1 47. Kd5
Bf4 48. Kc6 Be3 49. Ne4 Bf4 50. Kb5 Be5 51. Kxa5 Kd7 52. Kb5 Kc7 53. Nd2 Kd7
54. Nf3 Bc3 55. Kb6 Bb2 56. Nh2 Bc1 57. Ng4 Bg5 58. Kb7 d5 59. Kb6 Kd6 60. Kb5
dxc4 61. dxc4 Bd2 62. Nxf6 Ke5 63. Ng4+ Kxf5 64. Nxh6+ Bxh6 65. Kxc5 Ke5 66.
Kxb4 Kd4 67. Kb5 Bf8 68. b4 Kc3 69. c5 Kd4 70. a4 Kd5 71. a5 1-0

[Event "01.Casino-Senioren-Open 2005"]
[Site "Seefeld/Tirol (19.09.-25.09)"]
[Date "2005.09.23"]
[Round "5.2"]
[White "Papworth, Dennis"]
[Black "Rahn, Oskar"]
[Result "0-1"]
[WhiteElo "1827"]
[BlackElo "2064"]
[PlyCount "64"]
[EventDate "2005.09.??"]
[Source "Chess-Org"]
[SourceDate "2005.10.01"]

1. d4 d5 2. e4 e6 3. Nc3 Nf6 4. Bg5 Be7 5. Bb5+ c6 6. Bxf6 Bxf6 7. e5 cxb5 8.
exf6 Qxf6 9. Nxb5 Qe7 10. Nc3 Nc6 11. a3 O-O 12. f4 Qd6 13. Nce2 f6 14. Nf3 e5
15. dxe5 fxe5 16. O-O exf4 17. Ned4 Bg4 18. Qd3 Qc5 19. c3 Bxf3 20. gxf3 Nxd4
21. cxd4 Qb6 22. b4 Rac8 23. Rac1 Rxc1 24. Rxc1 Re8 25. Kh1 Qe6 26. Qb3 h6 27.
Rg1 Qf5 28. Qa4 Rc8 29. Qxa7 Qh3 30. Rxg7+ Kxg7 31. Qxb7+ Kf6 32. Qb6+ Qe6 0-1

[Event "01.Casino-Senioren-Open 2005"]
[Site "Seefeld/Tirol (19.09.-25.09)"]
[Date "2005.09.23"]
[Round "5.3"]
[White "Michalowski, Richard"]
[Black "Birchmeier, Walter"]
[Result "0-1"]
[WhiteElo "1621"]
[BlackElo "1921"]
[PlyCount "82"]
[EventDate "2005.09.??"]
[Source "Chess-Org"]
[SourceDate "2005.10.01"]

1. c4 e6 2. Nc3 b6 3. d4 Bb7 4. e4 Bb4 5. Qc2 Nf6 6. Bd3 Nc6 7. Nge2 e5 8. a3
exd4 9. axb4 Nxb4 10. Qb1 dxc3 11. Nxc3 Nxd3+ 12. Qxd3 O-O 13. O-O Qe7 14. f3
h6 15. b4 d6 16. Bb2 a5 17. b5 Nd7 18. Nd5 Bxd5 19. cxd5 Rae8 20. Rfe1 Nc5 21.
Qc2 f6 22. Bd4 Qd7 23. Bxc5 dxc5 24. Qc4 Kh8 25. Re2 Re7 26. Rd1 Qd6 27. g3
Rfe8 28. Kf2 f5 29. Rde1 fxe4 30. fxe4 Re5 31. Re3 Rf8+ 32. Kg2 Qf6 33. Rf1
Qxf1+ 34. Qxf1 Rxf1 35. Kxf1 Kg8 36. Kf2 Kf7 37. Kf3 Ke7 38. Kf4 Kd6 39. h4 g5+
40. hxg5 hxg5+ 41. Kg4 c4 0-1

[Event "01.Casino-Senioren-Open 2005"]
[Site "Seefeld/Tirol (19.09.-25.09)"]
[Date "2005.09.23"]
[Round "5.4"]
[White "Schwarz, Werner[40Fürth]"]
[Black "Heslenfeld, Peter-Hermann"]
[Result "1/2-1/2"]
[WhiteElo "1690"]
[BlackElo "1788"]
[PlyCount "48"]
[EventDate "2005.09.??"]
[Source "Chess-Org"]
[SourceDate "2005.10.01"]

1. e4 d5 2. exd5 Qxd5 3. Nc3 Qd6 4. d4 Nf6 5. Nf3 a6 6. h3 b5 7. Ne2 Bb7 8. c3
e6 9. Bf4 Qd8 10. Ng3 Nbd7 11. Be2 Be7 12. O-O O-O 13. Qc2 Nd5 14. Bd2 c5 15.
Rad1 cxd4 16. Nxd4 Qb6 17. Nf3 N7f6 18. Bd3 Rac8 19. Qb1 Bd6 20. Ne4 Nxe4 21.
Bxe4 Nf6 22. Bxb7 Qxb7 23. Be3 Rfd8 24. Rfe1 Qc7 1/2-1/2

[Event "01.Casino-Senioren-Open 2005"]
[Site "Seefeld/Tirol (19.09.-25.09)"]
[Date "2005.09.23"]
[Round "5.5"]
[White "Mueller, Manfred[42Senftb']"]
[Black "Wegener, Wilfried"]
[Result "1-0"]
[WhiteElo "1886"]
[BlackElo "1639"]
[PlyCount "73"]
[EventDate "2005.09.??"]
[Source "Chess-Org"]
[SourceDate "2005.10.01"]

1. e4 c6 2. d4 d5 3. exd5 cxd5 4. c4 Nf6 5. Nc3 e6 6. Nf3 Be7 7. Bf4 O-O 8. a3
a6 9. c5 Nc6 10. Bd3 b6 11. b4 Bd7 12. O-O Nh5 13. Be3 Nf6 14. Re1 Re8 15. Na4
bxc5 16. dxc5 Ng4 17. Nb6 Nxe3 18. Rxe3 Ra7 19. Qe2 Bc8 20. Re1 Bf6 21. Qd1 Bb7
22. Bc2 g6 23. Nxd5 Rf8 24. Nxf6+ Qxf6 25. Be4 Rd8 26. Rd3 Rxd3 27. Qxd3 Qe7
28. Rd1 Ba8 29. Qd6 Qxd6 30. cxd6 Rd7 31. Bxc6 Bxc6 32. Ne5 Ba4 33. Nxd7 Bxd1
34. Nc5 Kf8 35. Nxa6 Ke8 36. Nc5 Be2 37. a4 1-0

[Event "01.Casino-Senioren-Open 2005"]
[Site "Seefeld/Tirol (19.09.-25.09)"]
[Date "2005.09.23"]
[Round "5.6"]
[White "Broeker, Werner"]
[Black "Bucher, Rolf"]
[Result "1/2-1/2"]
[WhiteElo "1664"]
[BlackElo "1768"]
[PlyCount "25"]
[EventDate "2005.09.??"]
[Source "Chess-Org"]
[SourceDate "2005.10.01"]

1. d4 Nf6 2. Nc3 d6 3. e4 g6 4. f4 Bg7 5. Bd3 e5 6. dxe5 dxe5 7. Nf3 Nfd7 8.
Qe2 Nc6 9. Be3 exf4 10. Bxf4 Nde5 11. O-O Bd7 12. h4 h5 13. Bc4 1/2-1/2

[Event "01.Casino-Senioren-Open 2005"]
[Site "Seefeld/Tirol (19.09.-25.09)"]
[Date "2005.09.23"]
[Round "5.7"]
[White "Engler, Gunter"]
[Black "Straesser, Gerda"]
[Result "1-0"]
[WhiteElo "1766"]
[BlackElo "1549"]
[PlyCount "117"]
[EventDate "2005.09.??"]
[Source "Chess-Org"]
[SourceDate "2005.10.01"]

1. d4 d5 2. c4 e6 3. Nc3 Nf6 4. Bg5 Nbd7 5. e3 Be7 6. Nf3 O-O 7. Bd3 a6 8. a3
dxc4 9. Bxc4 b5 10. Be2 Bb7 11. O-O c5 12. Qb3 c4 13. Qa2 Rc8 14. Rac1 Nd5 15.
Bxe7 Qxe7 16. Rfd1 N7f6 17. Nd2 Rc7 18. Bf3 Nxc3 19. bxc3 Bxf3 20. Nxf3 Rd8 21.
Rb1 Ne4 22. Rdc1 Nd6 23. a4 Rb7 24. axb5 axb5 25. h3 Rdb8 26. Rb4 Ra7 27. Qc2
Rba8 28. Rcb1 Ra1 29. Kh2 Qc7 30. g3 R1a2 31. R4b2 Rxb2 32. Rxb2 Qa5 33. e4 Qa4
34. Qb1 Qa1 35. e5 Qxb1 36. Rxb1 Ne4 37. Rxb5 Nxc3 38. Rc5 g6 39. Rxc4 Nd5 40.
Rc2 h6 41. Kg2 Ra3 42. Rd2 Nc3 43. Rd3 Nb5 44. Rxa3 Nxa3 45. Kf1 Kf8 46. Ke2
Ke7 47. Kd3 Kd7 48. Ng1 Kc6 49. Ne2 Nb5 50. Nc3 Nc7 51. Ke4 Nd5 52. Nxd5 exd5+
53. Ke3 Kd7 54. f4 Ke6 55. g4 h5 56. Kf3 h4 57. Ke3 f6 58. Kd3 f5 59. g5 1-0

[Event "01.Casino-Senioren-Open 2005"]
[Site "Seefeld/Tirol (19.09.-25.09)"]
[Date "2005.09.23"]
[Round "5.8"]
[White "Westermayer, Johann"]
[Black "Bullock, Alfred"]
[Result "1/2-1/2"]
[WhiteElo "1631"]
[BlackElo "1596"]
[PlyCount "32"]
[EventDate "2005.09.??"]
[Source "Chess-Org"]
[SourceDate "2005.10.01"]

1. d4 e6 2. Nf3 Nf6 3. c4 b6 4. g3 Bb7 5. Bg2 Be7 6. O-O O-O 7. Nc3 d6 8. Re1
Ne4 9. Qc2 Nxc3 10. Qxc3 Na6 11. a3 c5 12. Be3 Bf6 13. Qd2 cxd4 14. Bxd4 Bxd4
15. Qxd4 d5 16. cxd5 Qxd5 1/2-1/2

[Event "01.Casino-Senioren-Open 2005"]
[Site "Seefeld/Tirol (19.09.-25.09)"]
[Date "2005.09.23"]
[Round "5.9"]
[White "Bretscher, Robert"]
[Black "Schuller, Erhard"]
[Result "0-1"]
[WhiteElo "1536"]
[BlackElo "1634"]
[PlyCount "68"]
[EventDate "2005.09.??"]
[Source "Chess-Org"]
[SourceDate "2005.10.01"]

1. e4 c5 2. Nf3 d6 3. d4 cxd4 4. Nxd4 Nf6 5. Nc3 a6 6. Be2 e6 7. O-O b5 8. a3
Bb7 9. f3 Be7 10. Kh1 O-O 11. Qe1 Qc7 12. Qg3 Kh8 13. Bd3 Nc6 14. Nxc6 Bxc6 15.
f4 d5 16. e5 Ne4 17. Nxe4 dxe4 18. Be2 f6 19. Be3 Bd5 20. c3 f5 21. Rad1 Bb3
22. Rc1 Rac8 23. Bd4 Qd8 24. Bd1 Bc4 25. Re1 Bh4 26. Qe3 Bxe1 27. Qxe1 Bd5 28.
Qg3 Rg8 29. Be3 a5 30. Be2 Bc4 31. Bd1 a4 32. Qh3 Qd3 33. Qg3 Qf1+ 34. Bg1 Rcd8
0-1

[Event "01.Casino-Senioren-Open 2005"]
[Site "Seefeld/Tirol (19.09.-25.09)"]
[Date "2005.09.24"]
[Round "6.1"]
[White "Mueller, Manfred[42Senftb']"]
[Black "Schueler, Wolfgang"]
[Result "0-1"]
[WhiteElo "1886"]
[BlackElo "1968"]
[PlyCount "66"]
[EventDate "2005.09.??"]
[Source "Chess-Org"]
[SourceDate "2005.10.01"]

1. e4 e5 2. Nf3 Nc6 3. Bb5 a6 4. Ba4 Nf6 5. d3 b5 6. Bb3 Bc5 7. O-O d6 8. Bg5
h6 9. Be3 Bxe3 10. fxe3 Na5 11. c4 bxc4 12. Bxc4 O-O 13. Nbd2 Nxc4 14. Nxc4 Be6
15. Rc1 c5 16. Qe1 Bxc4 17. Rxc4 Nd7 18. Nh4 g6 19. Rf3 Kh7 20. Rc2 Qe7 21. Rh3
Qe6 22. b3 a5 23. Nf3 Qe7 24. Qg3 Kg7 25. Rf2 a4 26. bxa4 Rxa4 27. Qg4 f5 28.
Qg3 fxe4 29. Nh4 Qg5 30. dxe4 Rxf2 31. Qxf2 Rxe4 32. Rf3 Nf6 33. Qb2 Rb4 0-1

[Event "01.Casino-Senioren-Open 2005"]
[Site "Seefeld/Tirol (19.09.-25.09)"]
[Date "2005.09.24"]
[Round "6.2"]
[White "Birchmeier, Walter"]
[Black "Rahn, Oskar"]
[Result "0-1"]
[WhiteElo "1921"]
[BlackElo "2064"]
[PlyCount "80"]
[EventDate "2005.09.??"]
[Source "Chess-Org"]
[SourceDate "2005.10.01"]

1. Nf3 d5 2. d4 e6 3. c4 dxc4 4. e3 c5 5. Bxc4 a6 6. a4 Nf6 7. O-O Nc6 8. Qe2
Qc7 9. Rd1 Be7 10. Nc3 O-O 11. h3 h6 12. Bd2 b6 13. Rac1 Bb7 14. Bd3 Nb4 15.
Bb1 Qd8 16. dxc5 Bxc5 17. e4 Qe7 18. Be3 Bxe3 19. Qxe3 Nd7 20. Rd2 Rfd8 21.
Rcd1 Nc5 22. Rxd8+ Rxd8 23. Rxd8+ Qxd8 24. Qd4 Qxd4 25. Nxd4 Kf8 26. Kf1 Ncd3
27. b3 Nc5 28. f3 e5 29. Nf5 Bc8 30. Ne3 Nxb3 31. Ke1 Nc5 32. Ned5 Nxd5 33.
exd5 Ke7 34. Ke2 Kd6 35. Ke3 Bd7 36. Bc2 f5 37. f4 exf4+ 38. Kxf4 g5+ 39. Ke3
Ke5 40. g3 f4+ 0-1

[Event "01.Casino-Senioren-Open 2005"]
[Site "Seefeld/Tirol (19.09.-25.09)"]
[Date "2005.09.24"]
[Round "6.3"]
[White "Heslenfeld, Peter-Hermann"]
[Black "Engler, Gunter"]
[Result "1-0"]
[WhiteElo "1788"]
[BlackElo "1766"]
[PlyCount "117"]
[EventDate "2005.09.??"]
[Source "Chess-Org"]
[SourceDate "2005.10.01"]

1. c4 e5 2. Nc3 d6 3. g3 g6 4. Bg2 Bg7 5. e3 Nc6 6. Nge2 Nge7 7. O-O O-O 8. b3
Bf5 9. d4 exd4 10. exd4 Qd7 11. Re1 Rab8 12. a3 a5 13. Bb2 Rfe8 14. Qd2 b6 15.
Rad1 h6 16. f4 Bg4 17. d5 Na7 18. Ne4 f5 19. Nf6+ Bxf6 20. Bxf6 Kf7 21. Bb2 Ng8
22. Qc3 Kf8 23. Nd4 Bxd1 24. Ne6+ Rxe6 25. dxe6 Qe7 26. Rxd1 Rd8 27. b4 axb4
28. axb4 c6 29. Ra1 d5 30. cxd5 cxd5 31. Qd4 Nc6 32. Qxb6 Qxe6 33. b5 Rb8 34.
Ba3+ Kf7 35. Qxc6 Qe3+ 36. Kh1 Ne7 37. Bxe7 Qxe7 38. Bxd5+ Kg7 39. Qc3+ Kh7 40.
Re1 Qa7 41. Bc6 Rg8 42. Qe3 Qa4 43. Qe5 Rg7 44. Qe8 Qb4 45. Ra1 Re7 46. Qa8 Qd2
47. Bf3 Qf2 48. Qc6 h5 49. b6 h4 50. gxh4 Re1+ 51. Rxe1 Qxe1+ 52. Kg2 Qd2+ 53.
Kh3 Qf2 54. b7 Qf1+ 55. Bg2 Qxf4 56. Qf3 Qb4 57. h5 f4 58. hxg6+ Kh6 59. Kg4
1-0

[Event "01.Casino-Senioren-Open 2005"]
[Site "Seefeld/Tirol (19.09.-25.09)"]
[Date "2005.09.24"]
[Round "6.4"]
[White "Bucher, Rolf"]
[Black "Michalowski, Richard"]
[Result "1/2-1/2"]
[WhiteElo "1768"]
[BlackElo "1621"]
[PlyCount "24"]
[EventDate "2005.09.??"]
[Source "Chess-Org"]
[SourceDate "2005.10.01"]

1. c4 Nf6 2. Nf3 b6 3. g3 Bb7 4. Bg2 e6 5. O-O Be7 6. Nc3 O-O 7. d3 d6 8. b3
Nbd7 9. Bb2 c5 10. Qd2 a6 11. Rad1 Qc7 12. e3 Rfd8 1/2-1/2

[Event "01.Casino-Senioren-Open 2005"]
[Site "Seefeld/Tirol (19.09.-25.09)"]
[Date "2005.09.24"]
[Round "6.5"]
[White "Xander, Karl"]
[Black "Papworth, Dennis"]
[Result "1-0"]
[WhiteElo "1841"]
[BlackElo "1827"]
[PlyCount "102"]
[EventDate "2005.09.??"]
[Source "Chess-Org"]
[SourceDate "2005.10.01"]

1. e4 e6 2. d4 d5 3. Nc3 Nf6 4. e5 Nfd7 5. f4 f5 6. Nf3 Be7 7. Be3 O-O 8. Be2
a6 9. a4 c5 10. O-O Nc6 11. Kh1 cxd4 12. Nxd4 Nxd4 13. Bxd4 Bc5 14. g4 Bxd4 15.
Qxd4 Qb6 16. Qxb6 Nxb6 17. gxf5 d4 18. Ne4 exf5 19. Nd6 Bd7 20. Bf3 Be6 21.
Bxb7 Ra7 22. Bg2 Rc7 23. Rf2 Nc4 24. Nxc4 Rxc4 25. b3 Rc3 26. Rd1 Rfc8 27. Rdd2
d3 28. Rxd3 Rxd3 29. cxd3 Bxb3 30. h4 Kf7 31. a5 Rc3 32. Rd2 Ke6 33. Kg1 Rc5
34. Rb2 Rc3 35. Bf1 g6 36. Kf2 h6 37. Ke3 g5 38. hxg5 hxg5 39. Kd2 Rc5 40. Rxb3
Rxa5 41. d4 g4 42. Bc4+ Ke7 43. Rb1 Kd7 44. Rg1 Ra4 45. Kc3 Ra3+ 46. Kb4 Rf3
47. Kc5 Rxf4 48. d5 Re4 49. e6+ Ke7 50. Bxa6 Kf6 51. Bd3 Rf4 1-0

[Event "01.Casino-Senioren-Open 2005"]
[Site "Seefeld/Tirol (19.09.-25.09)"]
[Date "2005.09.24"]
[Round "6.6"]
[White "Schuller, Erhard"]
[Black "Schwarz, Werner[40Fürth]"]
[Result "0-1"]
[WhiteElo "1634"]
[BlackElo "1690"]
[PlyCount "80"]
[EventDate "2005.09.??"]
[Source "Chess-Org"]
[SourceDate "2005.10.01"]

1. e4 c6 2. d4 d5 3. Nd2 dxe4 4. Nxe4 Bf5 5. Ng3 Bg6 6. h4 h6 7. Nf3 Nd7 8. h5
Bh7 9. Bd3 Bxd3 10. Qxd3 Qc7 11. Bd2 e6 12. O-O-O Ndf6 13. Qe2 O-O-O 14. Kb1
Bd6 15. Ne4 Nxe4 16. Qxe4 Nf6 17. Qe2 Rhe8 18. Ne5 Bxe5 19. dxe5 Nd5 20. f4 Rd7
21. c4 Ne7 22. Be3 Red8 23. Rxd7 Rxd7 24. Rd1 b6 25. g4 c5 26. b3 Rxd1+ 27.
Qxd1 Qb7 28. Bc1 Qd7 29. Qxd7+ Kxd7 30. Kc2 g6 31. hxg6 fxg6 32. Kd3 h5 33.
gxh5 gxh5 34. Ke2 Ke8 35. Kf3 Kf7 36. a3 Nc6 37. b4 cxb4 38. axb4 Nxb4 39. Ba3
a5 40. Ke4 Kg6 0-1

[Event "01.Casino-Senioren-Open 2005"]
[Site "Seefeld/Tirol (19.09.-25.09)"]
[Date "2005.09.24"]
[Round "6.8"]
[White "Wegener, Wilfried"]
[Black "Bullock, Alfred"]
[Result "1/2-1/2"]
[WhiteElo "1639"]
[BlackElo "1596"]
[PlyCount "81"]
[EventDate "2005.09.??"]
[Source "Chess-Org"]
[SourceDate "2005.10.01"]

1. d4 b6 2. c4 Nf6 3. Nc3 Bb7 4. f3 e6 5. e4 d6 6. Bd3 Nbd7 7. Nge2 Be7 8. O-O
c6 9. Be3 Qc7 10. Rc1 a6 11. Ng3 h5 12. b3 h4 13. Nge2 c5 14. Qe1 e5 15. d5 Ng8
16. h3 g5 17. Nd1 Nf8 18. Nf2 Ng6 19. Ng4 Nf4 20. Nxf4 exf4 21. Bd2 Bc8 22. Bc3
f6 23. Qd2 Bxg4 24. fxg4 Nh6 25. Rfe1 Nf7 26. Qb2 Ne5 27. Bf1 a5 28. Rcd1 Kf7
29. Rd2 Ra7 30. Red1 Rha8 31. a4 Rd8 32. Qc2 Raa8 33. Ba1 Kg6 34. Qb1 Kf7 35.
Bxe5 fxe5 36. Rf2 Kg6 37. Qd3 Rh8 38. Qc2 Qd7 39. Rd3 Bf6 40. Rdf3 Kg7 41. Bd3
1/2-1/2

[Event "01.Casino-Senioren-Open 2005"]
[Site "Seefeld/Tirol (19.09.-25.09)"]
[Date "2005.09.24"]
[Round "6.9"]
[White "Ruf, Karl"]
[Black "Bretscher, Robert"]
[Result "1-0"]
[WhiteElo "1644"]
[BlackElo "1536"]
[PlyCount "73"]
[EventDate "2005.09.??"]
[Source "Chess-Org"]
[SourceDate "2005.10.01"]

1. e4 e5 2. Nf3 Nc6 3. Bb5 a6 4. Ba4 Nf6 5. O-O b5 6. Bb3 Be7 7. d3 d6 8. h3
O-O 9. c3 h6 10. Nh2 Nh7 11. f4 exf4 12. Bxf4 Bg5 13. Bg3 Be3+ 14. Kh1 Qg5 15.
Qf3 Nf6 16. Na3 Be6 17. Bd1 Ne5 18. Bxe5 dxe5 19. Nc2 Bf4 20. Be2 g6 21. Rg1
Bg3 22. Raf1 Nh5 23. Ne3 Bf4 24. g4 Bxe3 25. gxh5 Bxg1 26. Rxg1 Qf4 27. Qxf4
exf4 28. hxg6 Kg7 29. gxf7+ Kxf7 30. Bh5+ Ke7 31. Rg7+ Kd6 32. Rg6 Rh8 33. Bg4
Rae8 34. Nf3 h5 35. Bf5 Rhg8 36. e5+ Kd7 37. Bxe6+ 1-0

[Event "01.Casino-Senioren-Open 2005"]
[Site "Seefeld/Tirol (19.09.-25.09)"]
[Date "2005.09.25"]
[Round "7.1"]
[White "Schueler, Wolfgang"]
[Black "Heslenfeld, Peter-Hermann"]
[Result "1-0"]
[WhiteElo "1968"]
[BlackElo "1788"]
[PlyCount "65"]
[EventDate "2005.09.??"]
[Source "Chess-Org"]
[SourceDate "2005.10.01"]

1. e4 d5 2. exd5 Qxd5 3. Nc3 Qd6 4. Bc4 Nf6 5. d3 a6 6. Nge2 b5 7. Bb3 Bb7 8.
f3 e6 9. Be3 Nbd7 10. a3 c5 11. O-O Be7 12. a4 b4 13. Ne4 Qc7 14. Qe1 O-O 15.
Bf4 e5 16. Bg5 Rae8 17. Bd2 Kh8 18. N2g3 Bd5 19. Bxd5 Nxd5 20. Nf5 g6 21. Nxe7
Nxe7 22. Bh6 Rg8 23. Ng5 Rg7 24. Bxg7+ Kxg7 25. Qf2 h6 26. Ne4 Nd5 27. Nd2 f6
28. Nc4 Nf4 29. Qe3 Nf8 30. g3 Nd5 31. Qe4 Qd7 32. a5 Rb8 33. Nxe5 1-0

[Event "01.Casino-Senioren-Open 2005"]
[Site "Seefeld/Tirol (19.09.-25.09)"]
[Date "2005.09.25"]
[Round "7.2"]
[White "Rahn, Oskar"]
[Black "Schwarz, Werner[40Fürth]"]
[Result "1-0"]
[WhiteElo "2064"]
[BlackElo "1690"]
[PlyCount "93"]
[EventDate "2005.09.??"]
[Source "Chess-Org"]
[SourceDate "2005.10.01"]

1. d4 Nf6 2. Nf3 g6 3. Nbd2 Bg7 4. e4 d6 5. c3 O-O 6. Bd3 Nbd7 7. O-O b6 8. Qe2
Bb7 9. Re1 a5 10. a4 Re8 11. Nc4 e5 12. Bg5 Qc8 13. dxe5 Nxe5 14. Ncxe5 dxe5
15. Bb5 c6 16. Bc4 Qc7 17. Rad1 Rad8 18. h3 Rd7 19. Qe3 Red8 20. Rxd7 Rxd7 21.
Bh6 Ne8 22. Bxg7 Kxg7 23. Ng5 Nd6 24. Bxf7 Qb8 25. Bb3 c5 26. Ne6+ Kh8 27. Qg5
Ne8 28. Bd5 Qd6 29. c4 Re7 30. Bxb7 Rxb7 31. Qg4 Nf6 32. Rd1 Qe7 33. Rd8+ Qxd8
34. Nxd8 Nxg4 35. Nxb7 Nf6 36. f3 Kg8 37. Nd6 Kf8 38. Kf2 Nd7 39. Ke3 Ke7 40.
Nb5 g5 41. Nc3 Ke6 42. Nd5 h5 43. g3 Kd6 44. h4 gxh4 45. gxh4 Ke6 46. f4 exf4+
47. Nxf4+ 1-0